000
00276 a2200097 4500
082
_a
005.74 ASH
100
_a
Ashton
245
_a
Learning and using dbased III plus [ vol. 1]
_c
Ashton.Tata
260
_a
USA :
_b
Ashton Tata,
_c
1987.
300
_b
col. ,ill. ;
_c
25 cm.
_e
3 bruchers,
650
_a
comuter software
999
_c
390
_d
390